| 000 | 00754nam a2200229 i 4500 | ||
|---|---|---|---|
| 001 | 117372 | ||
| 003 | SpMaBN | ||
| 005 | 20250824081235.0 | ||
| 008 | 900725q1941 sp |||| | spa d | ||
| 080 | _a860-293.21"19" | ||
| 100 | 1 |
_aFernández de Sevilla, Luis. _949713 |
|
| 245 | 1 | 4 |
_aLos claveles / _cLuis Fernández de Sevilla y Anselmo C. Carreño _b. La del soto del Parral . La guitarra. |
| 260 |
_a[Barcelona] : _bCisne, _c1941. |
||
| 300 |
_a128 p. ; _c18 cm. |
||
| 490 | 1 |
_aTeatro Selecto. _aLírico ; _v6 |
|
| 700 | 1 |
_aCarreño, Anselmo C. _935612 |
|
| 740 | 3 | 2 | _aLa del soto del parral. |
| 740 | 3 | 2 | _aLa guitarra. |
| 830 | 0 | 0 |
_aTeatro selecto (Cisne) _v6 _9188581 |
| 852 |
_aES-MaACL _j2337-F-3 |
||
| 999 |
_c117372 _d117372 |
||